El paraíso
Guardat en:
| Autor principal: | |
|---|---|
| Format: | Llibre |
| Idioma: | espanyol |
| Publicat: |
Viña del Mar
Taller de Investigaciones Gráficas de la Escuela de Arquitectura UCV
1984
|
| Edició: | 2a. ed |
| Matèries: | |
| Etiquetes: |
Afegir etiqueta
Sense etiquetes, Sigues el primer a etiquetar aquest registre!
|
MARC
| LEADER | 00000nam a2200000 a 4500 | ||
|---|---|---|---|
| 001 | UCJ8716 | ||
| 003 | CL-VaPUC | ||
| 008 | 070124e19840000CL |||||||||||||||||spa|d | ||
| 082 | 0 | 4 | |a Ch861 |b IOM |2 21 |
| 100 | |a Iommi Marini, Godofredo Tito |e autor |9 857986 | ||
| 245 | 1 | 3 | |a El paraíso |
| 250 | |a 2a. ed | ||
| 300 | |a pág irreg | ||
| 942 | |c BK | ||
| 945 | |d 20070124 00:00:00 |a fvergara | ||
| 260 | |a Viña del Mar |b Taller de Investigaciones Gráficas de la Escuela de Arquitectura UCV |c 1984 | ||
| 500 | |a El profesor Iommi, fundó la ciudad abierta de Ritoque e impartió clases en la Escuela de Arquitectura de esta Casa de Estudios. Nació en Buenos Aires, el 9 de diciembre de 1917 y murió en Ritoque, el 24 de febrero del 2001, tras padecer una agonía producto de una leucemia. Este libro, fue donado por el ex bibliotecario jefe del Instituto de Arte, David Letelier | ||
| 650 | 0 | |a Poesías chilenas |9 265280 | |
| 650 | 0 | |a Archivo histórico PUCV |9 255554 | |
| 650 | 0 | |a Académicos |x Pontificia Universidad Católica de Valparaíso (PUCV) |9 255553 | |
| 999 | |c 324373 |d 324371 | ||
| 583 | |k Rodrigo Vera | ||
| 952 | |0 0 |1 0 |4 0 |6 CH_861_000000000000000_IOM_1984 |7 0 |8 X |9 404469 |a FDOBUD |b FDOBUD |d 2019-11-22 |i 1082981 |o Ch861 IOM 1984 |p 1082981 |r 2019-11-22 |w 2019-11-22 |y BK_X |k FHP | ||